জালালাবাদের কথা / (Record no. 40664)
[ view plain ]
| 000 -LEADER | |
|---|---|
| fixed length control field | 01129nam a2200265 a 4500 |
| 001 - CONTROL NUMBER | |
| control field | 40664 |
| 003 - CONTROL NUMBER IDENTIFIER | |
| rucl marc code | BD-RjUL |
| 005 - DATE AND TIME OF LATEST TRANSACTION | |
| control field | 20211209053249.0 |
| 008 - FIXED-LENGTH DATA ELEMENTS--GENERAL INFORMATION | |
| fixed length control field | 160507s1983 bg ||||| b||| 001 0 ben d |
| 020 ## - INTERNATIONAL STANDARD BOOK NUMBER | |
| Terms of availability | : TK.46.00 |
| 035 ## - SYSTEM CONTROL NUMBER | |
| System control number | (BD-RjUL)40779 |
| 040 ## - CATALOGING SOURCE | |
| Original cataloging agency | BD-RjUL |
| Language of cataloging | ben |
| Transcribing agency | BD-RjUL |
| 041 ## - LANGUAGE CODE | |
| Language code of text/sound track or separate title | ben |
| 082 ## - DEWEY DECIMAL CLASSIFICATION NUMBER | |
| Edition number | 23 |
| Author mark and year | CHJ 1983 |
| Classification number | 297.4092 |
| 100 ## - MAIN ENTRY--PERSONAL NAME | |
| Personal name | চৌধুরী, দেওয়ান নূরুল আনোয়ার হোসেন |
| 9 (RLIN) | 125108 |
| 245 10 - TITLE STATEMENT | |
| Title | জালালাবাদের কথা / |
| Statement of responsibility, etc. | দেওয়ান নূরুল আনোয়ার হোসেন চৌধুরী |
| 260 ## - PUBLICATION, DISTRIBUTION, ETC. (IMPRINT) | |
| Place of publication, distribution, etc. | ঢাকা : |
| Name of publisher, distributor, etc. | বাংলা একাডেমী, |
| Date of publication, distribution, etc. | ১৯৮৩ |
| 300 ## - PHYSICAL DESCRIPTION | |
| Pagination | [১৬], ৩৭২ পৃ. ; |
| Size | ২১ সেমি. |
| 490 ## - SERIES STATEMENT | |
| Series statement | বাএ : |
| Volume/sequential designation | ১৩৩২ |
| 504 ## - BIBLIOGRAPHY, ETC. NOTE | |
| Bibliography, etc | গ্রন্থপঞ্জী ও নির্ঘণ্ট সংযুক্ত |
| 650 ## - SUBJECT ADDED ENTRY--TOPICAL TERM | |
| Topical term or geographic name as entry element | সূফী |
| Geographic subdivision | সিলেট জেলা |
| -- | বাংলাদেশ |
| 9 (RLIN) | 125113 |
| Topical term or geographic name as entry element | Sufis |
| Geographic subdivision | Sylet District |
| -- | Bangladesh |
| 9 (RLIN) | 125114 |
| 830 ## - SERIES ADDED ENTRY--UNIFORM TITLE | |
| Uniform title | বাএ : |
| Volume number/sequential designation | ১৩৩২ |
| 942 ## - ADDED ENTRY ELEMENTS (KOHA) | |
| Source of classification or shelving scheme | Dewey Decimal Classification |
| Koha item type | Books |
| Lost status | Source of classification or shelving scheme | Damaged status | Not for loan | Collection code | Permanent Location | Current Location | Shelving location | Date acquired | Source of acquisition | Cost, normal purchase price | Total Checkouts | Full call number | Date last seen | Copy number | Koha item type |
|---|---|---|---|---|---|---|---|---|---|---|---|---|---|---|---|
| Dewey Decimal Classification | Non-fiction | Central Library, University of Rajshahi | Central Library, University of Rajshahi | 22/10/1987 | Bangla Academy | 46.00 | B 297.4092 CHJ 1983 | 07/05/2016 | C-2 | Books | |||||
| Dewey Decimal Classification | Non-fiction | Central Library, University of Rajshahi | Central Library, University of Rajshahi | 22/10/1987 | Bangla Academy, Dhaka | 46.00 | B 297.4092 CHJ 1983 | 31/05/2016 | C-3 | Books | |||||
| Dewey Decimal Classification | Non-fiction | Central Library, University of Rajshahi | Central Library, University of Rajshahi | 22/10/1987 | Bangla Academy, | 46.00 | B 297.4092 CHJ 1983 | 20/07/2016 | C-4 | Books | |||||
| Dewey Decimal Classification | Not For Loan | Non-fiction | Central Library, University of Rajshahi | Central Library, University of Rajshahi | Reading Room | 22/10/1987 | Ureka Book Akademi, Rajshahi | 45.00 | B 297.4092 CHJ 1983 | 08/12/2016 | C-1 | Books | |||
| Dewey Decimal Classification | Non-fiction | Central Library, University of Rajshahi | Central Library, University of Rajshahi | 20/06/1984 | Bangla Academy, Dhaka | 46.00 | B 297.4092 CHJ 1983 | 29/10/2018 | C-5 | Books | |||||
| Dewey Decimal Classification | Non-fiction | Central Library, University of Rajshahi | Central Library, University of Rajshahi | 22/10/1987 | Bangla Academy, Dhaka | 46.00 | B 297.4092 CHJ 1983 | 29/10/2018 | C-6 | Books |